Kinship and marriage : an anthropological perspective
Saved in:
| Main Author: | |
|---|---|
| Format: | Book |
| Language: | English |
| Published: |
Harmondsworth :
Penguin Books,
1984
|
| Subjects: | |
| Tags: |
Add Tag
No Tags, Be the first to tag this record!
|
MARC
| LEADER | 00000cam a2200000 i 4500 | ||
|---|---|---|---|
| 001 | 1/77156 | ||
| 008 | 950314s19671977 eng d | ||
| 020 | |a 0-14-02-0884-4 | ||
| 035 | |l 10004191 | ||
| 040 | |a GR-MY-UA |b gre |e aacr | ||
| 041 | 0 | |a eng | |
| 082 | 0 | |a 306.8 | |
| 100 | 1 | |a Fox, Robin, |d 1934- | |
| 245 | 1 | 0 | |a Kinship and marriage : |b an anthropological perspective / |c Robin Fox |
| 260 | |a Harmondsworth : |b Penguin Books, |c 1984 | ||
| 300 | |a 271 σ.; |b εικ.; |c 18 εκ. | ||
| 504 | |a Περιέχει βιβλιογραφία και ευρετήριο | ||
| 650 | 0 | 0 | |a Kinship. |
| 650 | 0 | 0 | |a Marriage. |
| 852 | |a INST |b LESVOS |e 19950314 |h 306.8 FOX |p 005100002390 |q 005100002390 |t BK |y 0 | ||
| 852 | |a INST |b LESVOS |e 20060323 |h 306.8 FOX |p 005100034782 |q 005100034782 |t BK |y 0 | ||
| 901 | |a BIBL1-2006-1 | ||
| 909 | |a Λ |b 005208 | ||
| 909 | |a Λ |b 126139 | ||